| 000 | 00857nam a2200265 i 4500 | ||
|---|---|---|---|
| 001 | 11433 | ||
| 003 | ES-MaACL | ||
| 005 | 20230906150112.0 | ||
| 007 | t| | ||
| 008 | 930423s1992 sp |||| | spa j | ||
| 020 | _a84-7100-520-4 | ||
| 080 | _a711.4(821.2 B.A.)(091) | ||
| 100 | 1 |
_aGutman, Margarita. _961243 |
|
| 245 | 1 | 0 |
_aBuenos Aires _b: historia urbana del área metropolitana / _cMargarita Gutman, Jorge Enrique Hardoy. |
| 260 |
_aMadrid : _bMapfre, _cD.L. 1992. |
||
| 300 |
_a374 p. ; _c23 cm. |
||
| 490 | 1 |
_aCiudades de Iberoamérica ; _v13 |
|
| 500 | _aÍndices. | ||
| 504 | _aBibliografía: p. [345]-365. | ||
| 650 | 4 |
_aUrbanismo- _zBuenos Aires (Argentina)- _vHistoria. _9169014 |
|
| 700 | 1 |
_aHardoy, Jorge Enrique. _961821 |
|
| 830 | 0 |
_aCiudades de Iberoamérica ; _v13 _9179073 |
|
| 852 |
_aES-MaACL _jL-18758 |
||
| 999 |
_c11433 _d11433 |
||